Statistics for Countries by Two Letter Combination

Click here to take the quiz!

General Stats

  • This quiz has been taken 21 times
    (10 since last reset)
  • The average score is 7 of 18

Answer Stats

HintAnswer% Correct
DJDjibouti
100%
MYMyanmar
70%
FGAfghanistan
50%
UYGuyana
50%
BWZimbabwe
50%
YZKyrgyzstan
40%
IQMozambique
40%
PPPhilippines
40%
UVTuvalu
40%
LDMoldova
30%
TZSwitzerland
30%
ULBulgaria
20%
PTEgypt
20%
NLFinland
20%
YSMalaysia
20%
OPEthiopia
10%
DUHonduras
10%
NSLiechtenstein
10%

Score Distribution

Percentile by Number Answered

Percent of People with Each Score

Your Score History

You have not taken this quiz since the last reset